000 01288nam a2200265ui 4500
001 990231290290107026
003 UkOxU
005 20250711113321.0
008 221007s2022 enk|||| | |||| ||eng d
020 _a9781784878092 (pbk.)
035 _a(UkOxU)023129029
035 _a(UkOxU)023129029BIB01
035 _a(StEdALDL)1/4200876
040 _aStEdALDL
_beng
_erda
_cStEdALDL
050 _aPS3515
_b.E53S9 2014
100 _aHemingway, Ernest
_d1899-1961
_925736
_eauthor
245 0 0 _aThe sun also rises
_c/ Ernest Hemingway.
260 _aLondon :
_bVintage,
_c2022.
300 _a216 pages ;
_c20 cm.
520 _aParis in the twenties: Pernod, parties and expatriate Americans, loose-living on money from home. Jake is wildly in love with Brett Ashley, aristocratic and irresistibly beautiful, with an abandoned, sensuous nature that she cannot change. When the couple drift to Spain to the dazzle of the fiesta and the heady atmosphere of the Bullfight, their affair is strained by new passions, new jealousies, and Jake must finally learn that he will never possess the woman that he loves.
650 0 _aAmericans
_zSpain
_vFiction
_925737
650 0 _aExpatriation
_vFiction
_925738
651 0 _aSpain
_xHistory
_yAlfonso XIII, 1886-1931
_vFiction
_925739
942 _2lcc
999 _c4849
_d4849